[Event "Titled Tuesday intern op 25th Apr Late"]
[Site "Chess.com INT"]
[Date "2023.04.25"]
[Round "7"]
[White "Zeynalov, Rashad"]
[Black "Deviprasath, Sharvesh"]
[Result "0-1"]
[WhiteElo "2200"]
[BlackElo "2296"]
[PlyCount "66"]
[EventDate "2023.04.25"]
[EventType "swiss (blitz)"]
[EventRounds "11"]
[EventCountry "USA"]
[SourceTitle "EXT 2024"]
[Source "ChessBase"]
[SourceDate "2023.10.10"]
[SourceVersion "1"]
[SourceVersionDate "2023.10.10"]
[SourceQuality "1"]

1. d4 Nf6 2. Bf4 e6 3. e3 c5 4. Nf3 Nc6 5. Nbd2 h6 6. h3 d5 7. c3 Bd6 8. Ne5 Qc7 9. Ndf3 0-0 10. Bd3 c4 11. Bc2 Ne7 12. a4 b6 13. g4 Ne4 14. Bxe4 dxe4 15. Nd2 f6 16. Nexc4 Bxf4 17. exf4 Nd5 18. Ne3 Nxf4 19. Nxe4 Bb7 20. Qc2 f5 21. Ng3 Bxh1 22. Nxh1 Qc6 23. 0-0-0 fxg4 24. hxg4 Nd5 25. Ng3 Nxe3 26. fxe3 Qf3 27. Nf1 Qxg4 28. e4 Rf4 29. d5 Rxe4 30. d6 Rd8 31. Nh2 Qf4+ 32. Kb1 Rxa4 33. Rf1 Qe4 0-1

[Event "Titled Tuesday intern op 25th Apr Late"]
[Site "Chess.com INT"]
[Date "2023.04.25"]
[Round "1"]
[White "Zeynalov, Rashad"]
[Black "Simonovic, Miroslav"]
[Result "1-0"]
[WhiteElo "2200"]
[BlackElo "2097"]
[PlyCount "83"]
[EventDate "2023.04.25"]
[EventType "swiss (blitz)"]
[EventRounds "11"]
[EventCountry "USA"]
[SourceTitle "EXT 2024"]
[Source "ChessBase"]
[SourceDate "2023.10.10"]
[SourceVersion "1"]
[SourceVersionDate "2023.10.10"]
[SourceQuality "1"]

1. d4 Nf6 2. Bf4 c5 3. e3 b6 4. Nf3 Bb7 5. Nc3 g6 6. d5 d6 7. h3 Bg7 8. Bc4 0-0 9. 0-0 a6 10. a4 Nbd7 11. e4 Qc7 12. Re1 Ne5 13. Nxe5 dxe5 14. Be3 Ne8 15. Qd2 Nd6 16. Bf1 Rfd8 17. Bh6 Bh8 18. f4 f5 19. fxe5 Bxe5 20. Bf4 Nxe4 21. Nxe4 Bxf4 22. d6 Bxd6 23. Nxd6 exd6 24. Qg5 Rd7 25. Re3 d5 26. Rae1 Rf8 27. Re7 Qd6 28. Rxd7 Qxd7 29. Re7 Qd8 30. Qe3 Bc8 31. Bxa6 Qd6 32. Ra7 Bxa6 33. Qh6 Rf7 34. Ra8+ Qf8 35. Rxf8+ Rxf8 36. Qe3 Kf7 37. Qe5 d4 38. Qc7+ Kg8 39. Qxb6 Be2 40. Qe6+ Kg7 41. Qxe2 Rd8 42. Qe7+ 1-0

[Event "Titled Tuesday intern op 11th Apr Late"]
[Site "Chess.com INT"]
[Date "2023.04.11"]
[Round "2"]
[White "Gerbelli Neto, Eduardo"]
[Black "Zeynalov, Rashad"]
[Result "1-0"]
[WhiteElo "2114"]
[BlackElo "2200"]
[PlyCount "69"]
[EventDate "2023.04.11"]
[EventType "swiss (blitz)"]
[EventRounds "11"]
[EventCountry "USA"]
[SourceTitle "CBM 213 Extra"]
[Source "ChessBase"]
[SourceDate "2023.05.31"]
[SourceVersion "1"]
[SourceVersionDate "2023.05.31"]
[SourceQuality "1"]

1. e4 c5 2. Nc3 Nc6 3. f4 g6 4. Nf3 Bg7 5. Bc4 d6 6. 0-0 Nf6 7. d3 0-0 8. Qe1 e6 9. Bb3 d5 10. e5 Nd7 11. Bd2 f6 12. exf6 Nxf6 13. Ne2 b5 14. c3 a5 15. a4 Ba6 16. Bc2 b4 17. Ng3 Rb8 18. Qxe6+ Kh8 19. Qxc6 Bb7 20. Qxc5 bxc3 21. Bxc3 Rc8 22. Qd4 Nh5 23. Ne5 Nxg3 24. hxg3 Qd6 25. Rf3 Ba8 26. g4 Bb7 27. Raf1 Rce8 28. Rh3 Kg8 29. Bb3 Rd8 30. Qa7 Ba8 31. Qxa5 g5 32. Bb4 Qe6 33. Bxf8 gxf4 34. Bxg7 Kxg7 35. Qxd8 1-0